|
|
|
|
| LEADER |
01252nam a2200277 a 4500 |
| 001 |
13889387 |
| 008 |
120427t20052004inua 001 0 eng d |
| 010 |
|
|
|a 2004093764
|
| 040 |
|
|
|a TEF
|c TEF
|d OCLCQ
|d DLC
|d BD-DhAAL
|
| 020 |
|
|
|a 0672327090
|
| 042 |
|
|
|a lccopycat
|
| 050 |
0 |
0 |
|a QA76.73.P224
|b Z46 2005
|
| 082 |
0 |
4 |
|a 005.2/762
|2 21
|
| 245 |
0 |
0 |
|a Zend PHP certification study guide /
|c Zend Technologies ; [Stuart Herbert ... et al.].
|
| 246 |
3 |
0 |
|a PHP certification study guide
|
| 260 |
|
|
|a Indianapolis, Ind :
|b Sams Pub.,
|c c2005, 2004 printing.
|
| 300 |
|
|
|a xi, 239 p. :
|b ill. ;
|c 23 cm.
|
| 500 |
|
|
|a Includes index.
|
| 541 |
|
|
|e 00025034
|
| 650 |
|
0 |
|a PHP (Computer program language)
|x Examinations
|v Study guides.
|
| 700 |
1 |
|
|a Herbert, Stuart,
|c developer.
|
| 710 |
2 |
|
|a Zend Technologies.
|
| 852 |
1 |
|
|a Ayesha Abed Library
|c General shelf.
|
| 999 |
|
|
|c 12110
|d 12110
|
| 952 |
|
|
|0 0
|1 0
|2 ddc
|4 0
|6 005_276200000000000_ZEN
|7 0
|9 20093
|a BRACUL
|b BRACUL
|c GEN
|d 2012-04-26
|e Parama Publishers
|g 2396.82
|l 12
|m 73
|o 005.2762 ZEN
|p 3010025034
|r 2022-08-17
|s 2022-07-28
|t 1
|w 2012-04-27
|y BK
|
| 952 |
|
|
|0 0
|1 0
|2 ddc
|4 0
|6 005_276200000000000_ZEN
|7 0
|9 22557
|a BRACUL
|b BRACUL
|c GEN
|d 2013-05-30
|e Parama
|g 2396.00
|l 10
|m 54
|o 005.2762 ZEN
|p 3010027083
|r 2017-10-23
|s 2017-10-23
|t 2
|w 2013-05-30
|y BK
|